| 000 | 00777nam a2200277Ia 4500 | ||
|---|---|---|---|
| 005 | 20250425161808.0 | ||
| 008 | 250425s9999 xx 000 0 und d | ||
| 020 | _a9701701380 | ||
| 041 | _aspa | ||
| 043 | _amx | ||
| 082 | _a658.848 | ||
| 100 | _aKEEGAN, WARREN J. | ||
| 245 | 0 | _aFUNDAMENTOS DE MERCADOTECNIA INTERNACIONAL | |
| 250 | _a1A ED. | ||
| 260 | _aMEXICO | ||
| 260 |
_aMéxico _bPRENTICE HALL HISPANOAMERICANA _c1998 |
||
| 300 | _a421 | ||
| 500 | _aTítulo Traducido: PRINCIPLES OF GLOBAL MARKETING | ||
| 650 | _aECONOMIA INTERNACIONAL | ||
| 650 | _aMERCADOTECNIA INTERNACIONAL | ||
| 650 | _aNEGOCIOS INTERNACIONALES | ||
| 650 | _aPLANIFICACION ESTRATEGICA | ||
| 700 |
_aVERANIA DE PARRES CARDENAS _etraductor |
||
| 942 | _c01 | ||
| 010 | _a29956 | ||
| 999 |
_c216274 _d216274 |
||